Zákoník práce. Dokončení z čísla 4.

Zrušovacie ustanovenia. Účinnosť zákonníka.

Na minha lista:
Detalhes bibliográficos
Formato: Capítulo de Livro
Idioma:tcheco
Assuntos:
Tags: Adicionar Tag
Sem tags, seja o primeiro a adicionar uma tag!

MARC

LEADER 00000naa a2200000 4500
001 r001449
005 20221125080327.0
041 0 |a cze 
044 |a [CS] 
245 1 0 |a Zákoník práce. Dokončení z čísla 4. 
520 |a Zrušovacie ustanovenia. Účinnosť zákonníka. 
610 2 0 |a zákonník práce 
610 2 0 |a predpisy právne 
610 2 0 |a ČSFR